|
|
|
|
| LEADER |
00000nam0a2200000 4500 |
| 001 |
257426 |
| 005 |
20231101233212.0 |
| 020 |
|
|
|a RU
|b 87-96774
|
| 035 |
|
|
|a (RuTPU)RU\TPU\book\280224
|
| 090 |
|
|
|a 257426
|
| 100 |
|
|
|a 20140416d1987 k a0rusy5003 ca
|
| 101 |
0 |
|
|a rus
|
| 102 |
|
|
|a RU
|
| 105 |
|
|
|a y z 000zy
|
| 200 |
1 |
|
|a Материально-техническое снабжение : отраслевые и региональные аспекты
|f К. В. Малахов [и др.]
|
| 210 |
|
|
|a Москва
|c Экономика
|d 1987
|
| 215 |
|
|
|a 340 с.
|
| 606 |
1 |
|
|a Материально-техническое снабжение
|x Организация
|2 stltpush
|3 (RuTPU)RU\TPU\subj\41349
|9 61144
|
| 610 |
1 |
|
|a СССР
|
| 610 |
1 |
|
|a планирование
|
| 610 |
1 |
|
|a перспективы
|
| 610 |
1 |
|
|a развитие
|
| 610 |
1 |
|
|a организация
|
| 610 |
1 |
|
|a региональные проблемы
|
| 675 |
|
|
|a 658.566
|z rus
|
| 701 |
|
1 |
|a Малахов
|b К. В.
|g Константин Васильевич
|
| 701 |
|
1 |
|a Селиванов
|b А. И.
|g Анатолий Иванович
|
| 701 |
|
1 |
|a Богданов
|b Б. Н.
|g Борис Михайлович
|
| 701 |
|
1 |
|a Баскин
|b А. И.
|
| 801 |
|
0 |
|a RU
|b RuMRKP
|c 19950417
|g psbo
|
| 801 |
|
1 |
|a RU
|b 63413507
|c 20140416
|
| 801 |
|
2 |
|a RU
|b 63413507
|c 20141222
|g RCR
|
| 942 |
|
|
|c BK
|